00000000nam##2200000za#4500
0019.572603
003CaOODSP
00520220111083116
007cr |||||||||||
008150406|2000||||xxc|||||o    f|0| 0 eng|d
022 |a1928-6414
040 |aCaOODSP|beng
043 |an-cn---
0861 |aNE22-1/2000-7E-PDF
1101 |aCanada. |bNational Energy Board.
24510|aReasons for decision in the matter of Trans-Northern Pipelines Inc. : |h[electronic resource]|bproposed suspension of service on the Don Valley Lateral
2461 |iVariant title : |aTrans-Northern Pipelines Inc.
260 |aCalgary - Alberta : |bNational Energy Board |cNovember 2000.
300 |a25p.|bmap, table
4901 |aReasons for decision|x1928-6414|vMH-3-2000
500 |aThe catalogue number (NE22-1/2000-7E) and ISBN (0-662-29615-X) for the print edition have been incorrectly copied in this electronic publication.
590 |a12-10-Supp|b2012-03-23
77508|tMotifs de décision relativement à Pipelines Trans-Nord Inc. : |w(CaOODSP)9.602948
7760#|tIn the matters of: Trans-Northern Pipelines Inc. : |w(CaOODSP)9.615395
830#0|aReasons for decision (Canada. National Energy Board)|x1928-6414|vMH-3-2000|w(CaOODSP)9.504480
85640|ahttp://publications.gc.ca|qPDF|s171 KB|uhttps://publications.gc.ca/collections/collection_2011/one-neb/NE22-1-2000-7-eng.pdf|yMH-3-2000